000 00400nam a22001697a 4500
003 MACL
005 20160116143210.0
008 160116b xxu||||| |||| 00| 0 eng d
040 _cMACL
041 _aEnglish
082 _a800/ROY
100 _aRoychowdhury,Satyam
_932893
245 _aTagore For You
260 _aKolkata
_bSankar Mondal
_c2011
650 _aLiterature
_932894
942 _2ddc
_cBK
999 _c52639
_d52639